Statistics for Crimes

Click here to take the quiz!

General Stats

  • This quiz has been taken 256 times
    (235 since last reset)
  • The average score is 11 of 15

Answer Stats

HintAnswer% Correct
To Kill Another HumanMurder
100%
To Light A Fire On Somebody Else's PropertyArson
96%
To Take Somthing That You Don't OwnRobbery
95%
To Hold Somebody Against There WillKidnapping
90%
To Physically Hurt SomebodyAssault
88%
To Be Somewhere Where Your Not Supposed To BeTrespassing
80%
To Accidently Kill Another HumanManslaughter
79%
To Destroy Or Graffitti Somebody's PropertyVandalism
79%
To Hang Around To LongLoitering
68%
To Steal Money From Somebody Through There PocketsPickpocketing
65%
A Crime Similar To Theft But Often Referred To As Breaking And EnteringBurglary
53%
To Steal Property That Costs $500+ (€431+)Grand Theft
52%
Violent Or Agressive Behaviour Often Times Involving A SpouseDomestic Violence
39%
To Steal Something SmallPetty Theft
34%
To Steal A Vehicle Such As A PlaneHijacking
33%

Score Distribution

Percentile by Number Answered

Percent of People with Each Score

Your Score History

You have not taken this quiz since the last reset